Sports Quiz

Random Sports or State Quiz

D1 Hockey States Quiz Stats

 Plays Quiz not verified by Sporcle

Support Sporcle.
Go Orange.
Score 0/19 Timer 04:00
0 Plays Today
Number of teams State % Correct
10Massachusetts
93.1%
10New York
90.8%
7Michigan
87%
5Minnesota
84.7%
4Connecticut
55%
3Colorado
53.4%
3Ohio
53.4%
2Alaska
44.3%
1Wisconsin
43.5%
1Maine
38.9%
Number of teams State % Correct
1Vermont
38.2%
1Alabama
37.4%
2New Hampshire
35.1%
1Indiana
35.1%
2Pennsylvania
33.6%
2Rhode Island
33.6%
1North Dakota
32.1%
1New Jersey
30.5%
1Nebraska
25.2%

You're not logged in!

Compare scores with friends on all Sporcle quizzes.
OR
Log In

From the Vault

Sports Teams by Cake II

by minshkins

Disappointed your team isn't playing in the Super Bowl? Here's your chance to eat away your sorrows.
Remove Ads.
Support Sporcle.
Get the best of Sporcle when you Go Orange. This ad-free experience offers more features, more stats, and more fun while also helping to support Sporcle. Thank you for becoming a member.

Show Comments

Extras

Created Feb 11, 2011SourceReportNominate
Tags:State Quiz

Top Quizzes Today


Score Distribution

Your Account Isn't Verified!

In order to create a playlist on Sporcle, you need to verify the email address you used during registration. Go to your Sporcle Settings to finish the process.

Report this User

Report this user for behavior that violates our Community Guidelines.

Details: